| 000 -LEADER | |
|---|---|
| fixed length control field | 00429nam a22001697a 4500 |
| 005 - DATE AND TIME OF LATEST TRANSACTION | |
| control field | 20250414160413.0 |
| 008 - FIXED-LENGTH DATA ELEMENTS--GENERAL INFORMATION | |
| fixed length control field | 250411b |||||||| |||| 00| 0 eng d |
| 020 ## - INTERNATIONAL STANDARD BOOK NUMBER | |
| ISBN | 978-93-272-5957-5 |
| 041 ## - LANGUAGE CODE | |
| Language code of text/sound track or separate title | eng |
| 082 ## - DEWEY DECIMAL CLASSIFICATION NUMBER | |
| Classification number | 631.81 BAS-F |
| 100 ## - MAIN ENTRY--AUTHOR NAME | |
| Personal name | BASAK, DR. RANJAN KUMAR |
| 245 ## - TITLE STATEMENT | |
| Title | FERTILIZERS [ A TEXTBOOK } |
| 260 ## - PUBLICATION, DISTRIBUTION, ETC. (IMPRINT) | |
| Place of publication | KOCHI |
| Name of publisher | KALYANI PUBLISHERS |
| Year of publication | 1999 |
| 300 ## - PHYSICAL DESCRIPTION | |
| Number of Pages | 504;P |
| 650 ## - SUBJECT ADDED ENTRY--TOPICAL TERM | |
| Topical Term | AGRICULTURE |
| 942 ## - ADDED ENTRY ELEMENTS (KOHA) | |
| Koha item type | Books |
| Lost status | Damaged status | Collection code | Home library | Current library | Shelving location | Date acquired | Source of acquisition | Cost, normal purchase price | Full call number | Accession Number | Koha item type |
|---|---|---|---|---|---|---|---|---|---|---|---|
| Reference | JRU Library | JRU Library | SHELF-2-A | 10/04/2025 | PURCHASE | 550.00 | 631.81 | 28725 | Books | ||
| AGRICULTURE | JRU Library | JRU Library | SHELF-45-F | 10/04/2025 | PURCHASE | 550.00 | 631.81 | 28726 | Books | ||
| AGRICULTURE | JRU Library | JRU Library | SHELF-45-F | 10/04/2025 | PURCHASE | 550.00 | 631.81 | 28727 | Books |